| 000 | 00989nam a22002417a 4500 | ||
|---|---|---|---|
| 003 | 0 | ||
| 005 | 20250829150557.0 | ||
| 008 | 250829b xxu||||| |||| 00| 0 eng d | ||
| 020 | _a978-1-032-58171-2 | ||
| 050 |
_aLB 2331.63 _b.H87 2025 |
||
| 100 |
_aHurney, Carol A., _eauthor. |
||
| 245 |
_aEvaluating educational development : _ba comprehensive and data-driven approach for colleges and universities / _cCarol A. Hurney, Bonnie B. Mullinix and R. Todd Benson. |
||
| 260 |
_aNew York, NY : _bRoutledge, _c2025. |
||
| 300 |
_axvi, 120 pages : _billustrations ; _c23 cm. |
||
| 504 | _aIncludes bibliographical references and index. | ||
| 650 |
_aUniversities and colleges _zUnited States _xEvaluation. |
||
| 650 |
_aUniversities and colleges _zUnited States _xPlanning. |
||
| 650 |
_aEducation, Higher _zUnited States _xEvaluation. |
||
| 650 |
_aEducational evaluation _zUnited States. |
||
| 700 |
_aMulinix, Bonnie B., _eauthor. |
||
| 700 |
_aBenson, R. Todd, _eauthor. |
||
| 942 |
_2lcc _cBK |
||
| 999 |
_c367693 _d367693 |
||